| 000 | 00672nam a2200229Ia 4500 | ||
|---|---|---|---|
| 008 | 140110s9999 xx 000 0 und d | ||
| 020 | _a9788131703878 | ||
| 040 | _aLoreto College | ||
| 041 | _aEnglish | ||
| 082 |
_a005.131/LEW _bLCLIB/47334 |
||
| 100 | _aLewis, Harry R. | ||
| 245 |
_aElements of the theory of computation _cHarry R.Lewis & Christos H. Papadimitriou |
||
| 260 |
_aDelhi _bPearson education _c2008 |
||
| 300 |
_a361p. _c24cm. |
||
| 504 | _aIncludes index | ||
| 630 | _aFormal languages | ||
| 650 | _aComputational complexity | ||
| 651 | _aMachine theory | ||
| 700 | _aPapadimitriou, Christos H. | ||
| 850 | _aLCLIB/005.131/LEW | ||
| 942 | _cBK | ||
| 999 |
_c35957 _d86436 |
||